[Event "POL-chT 2nd League Juniors 2020"]
[Site "Sypniewo"]
[Date "2020.10.30"]
[Round "9.2"]
[White "Topola, Rafal"]
[Black "Kubica, Dominik"]
[Result "1-0"]
[WhiteElo "1827"]
[BlackElo "1577"]
[Annotator "NA RC"]
[PlyCount "101"]
[EventDate "2020.10.23"]
[EventType "team-tourn"]
[EventCountry "POL"]
[SourceTitle "playchess.com"]
[Source "ChessBase"]
[SourceQuality "1"]
[TimeControl "5400+30"]

{[%evp 8,94,45,32,76,54,104,89,79,48,75,25,50,40,59,53,72,35,100,43,78,78,67,62,62,23,58,40,60,52,62,56,55,29,57,51,51,49,67,55,60,57,90,56,49,48,72,91,92,59,54,52,132,120,330,259,330,362,397,536,476,486,691,643,675,752,672,714,783,32767,32767,1127,777,765,1363,1319,1691,1117,904,1427,1927,2066,1957,1521,1724,6994,2135,29971,1743]} 1. e4 {[%emt 0:00:00]} c6 {[%emt 0:00:00]} 2. d4 {[%emt 0:00:00]} d5 {[%emt 0:00:00]} 3. Nd2 {[%emt 0:00:20]} dxe4 {[%emt 0:00:26]} 4. Nxe4 {[%emt 0:00:05]} Nf6 {[%emt 0:01:41]} 5. Nxf6+ {[%emt 0:00:10]} gxf6 {[%emt 0:00:24]} 6. c3 {[%emt 0:00:26]} Nd7 {[%emt 0:05:27] B16: Caro-Kann: Bronstein-Larsen Variation.} 7. Nf3 {[%emt 0:01:20]} Nb6 {[%emt 0:00:22] [#]} 8. Qc2 $146 {[%emt 0:02:31]} ({Predecessor:} 8. Bf4 h5 9. h3 Qd5 10. Bd3 Bf5 11. O-O Rg8 12. Bg3 e6 13. a4 O-O-O 14. a5 {1-0 (32) Predke,A (2601)-Ovetchkin,R (2540) Cheliabinsk 2017}) 8... Qc7 {[%emt 0:05:01]} 9. Bd3 {[%emt 0:01:17]} h5 {[%emt 0:02:53]} 10. g3 {[%emt 0:01:36]} Bh6 {[%emt 0:07:08]} 11. Bxh6 {[%emt 0:00:29]} Rxh6 {[%emt 0:00:09]} 12. Nh4 {[%emt 0:01:24]} Bd7 {[%emt 0:06:32]} (12... Bh3 $14) 13. O-O-O {[%emt 0:01:16]} O-O-O {[%emt 0:01:16]} 14. Rhe1 {[%emt 0:01:00]} e6 {[%emt 0:01:47]} 15. Qd2 {[%emt 0:06:13]} Rhh8 {[%emt 0:00:53]} 16. f4 {[%emt 0:07:58]} Kb8 {[%emt 0:09:58]} 17. Qf2 {[%emt 0:01:34]} f5 {[%emt 0:05:57]} 18. Nf3 {[%emt 0:02:15]} Bc8 {[%emt 0:03:02]} 19. Qe2 {[%emt 0:01:29]} Nd5 {[%emt 0:12:32]} 20. Qe5 {[%emt 0:01:32]} f6 {[%emt 0:02:45]} 21. Qxc7+ {[%emt 0:01:15]} Kxc7 {[%emt 0:03:17]} 22. Bc4 {[%emt 0:00:52]} Rhe8 {[%emt 0:08:00]} 23. Bb3 {[%emt 0:03:48]} b5 {[%emt 0:05:04]} 24. Kc2 {[%emt 0:08:01]} Nb6 {[%emt 0:03:03]} 25. Re2 {[%emt 0:01:33]} Bd7 {[%emt 0:05:45]} 26. Rde1 {[%emt 0:00:37]} Nd5 {[%emt 0:02:09]} 27. a4 {[%emt 0:03:03]} a6 {[%emt 0:01:43]} 28. axb5 {[%emt 0:01:20]} axb5 {[%emt 0:00:12]} 29. Bxd5 {[%emt 0:00:06]} exd5 {[%emt 0:05:21]} (29... cxd5 $14 30. Nd2 Rb8) 30. Rxe8 {[%emt 0:00:07]} Rxe8 {[%emt 0:00:08]} 31. Rxe8 {[%emt 0:00:02]} Bxe8 {[%emt 0:00:08]} 32. Kb3 {[%emt 0:00:21]} Kd6 {[%emt 0:02:08]} 33. Kb4 {[%emt 0:00:01]} Bf7 {[%emt 0:00:47]} 34. Ka5 {[%emt 0:00:47]} Be8 {[%emt 0:00:25]} 35. Kb6 {[%emt 0:00:12]} Bd7 {[%emt 0:00:30]} 36. Nh4 {[%emt 0:00:58]} Bc8 {[%emt 0:00:29]} 37. b4 {[%emt 0:00:54]} Be6 {[%emt 0:00:30]} 38. Kb7 {[%emt 0:00:19]} Bd7 {[%emt 0:00:28]} 39. Nf3 {[%emt 0:00:49]} Be6 {[%emt 0:00:18]} 40. Nd2 {[%emt 0:00:07]} Bd7 {[%emt 0:00:37]} 41. Nb3 {[%emt 0:00:06]} Ke7 {[%emt 0:00:43]} 42. Kc7 {[%emt 0:00:16]} Be8 {[%emt 0:00:29]} 43. Na5 {[%emt 0:00:08]} Kf7 {[%emt 0:00:31]} 44. h4 {[%emt 0:00:11]} Ke7 {[%emt 0:00:20]} 45. Nxc6+ {[%emt 0:00:06]} Ke6 {[%emt 0:00:21]} 46. Na7 {[%emt 0:00:09]} Ke7 {[%emt 0:00:20]} 47. Kb6 {[%emt 0:00:38]} Kd8 $18 {[%emt 0:00:24]} 48. Nxb5 {[%emt 0:00:06]} Bd7 {[%emt 0:00:11]} 49. Nd6 {[%emt 0:00:33]} Ke7 {[%emt 0:00:10]} 50. Kc7 {[%emt 0:00:01]} Be6 {[%emt 0:00:12]} 51. b5 {[%emt 0:00:05]} 1-0

[Event "POL-chT 2nd League Juniors 2020"]
[Site "Sypniewo"]
[Date "2020.10.30"]
[Round "9.3"]
[White "Trzebinski, Patryk"]
[Black "Komendecki, Antoni"]
[Result "1-0"]
[WhiteElo "1837"]
[BlackElo "1801"]
[Annotator "NA RC"]
[PlyCount "63"]
[EventDate "2020.10.23"]
[EventType "team-tourn"]
[EventCountry "POL"]
[SourceTitle "playchess.com"]
[Source "ChessBase"]
[SourceQuality "1"]
[TimeControl "5400+30"]

{[%evp 17,62,-4,-7,-2,0,0,-1,-57,-56,-141,43,34,51,0,168,121,202,204,219,196,226,177,177,128,164,25,36,45,167,154,232,264,276,314,437,460,548,591,5414,29985,32767,32767,29993,29994,29998,29999,29999]} 1. e4 {[%emt 0:00:00]} c5 {[%emt 0:00:00]} 2. Nf3 {[%emt 0:00:00]} Nc6 {[%emt 0:00:00]} 3. c4 {[%emt 0:00:00]} e5 {[%emt 0:00:28]} 4. Nc3 {[%emt 0:00:03]} g6 {[%emt 0:00:07]} 5. g3 {[%emt 0:00:06]} Bg7 {[%emt 0:00:14]} 6. Bg2 {[%emt 0:00:10]} Nge7 {[%emt 0:00:18]} 7. d3 {[%emt 0:00:14]} O-O {[%emt 0:00:33] A37: Symmetrical English vs ...g6: 4 Bg2 Bg7 5 Nf3.} 8. h4 {[%emt 0:00:30]} d6 {[%emt 0:05:36]} 9. Be3 {[%emt 0:06:25]} Bg4 {[%emt 0:09:11]} 10. Qd2 {[%emt 0:03:10] [#]} Nd4 $146 {[%emt 0:07:50]} ({Predecessor:} 10... Bxf3 11. Bxf3 Nd4 12. Bxd4 exd4 13. Nd5 Nxd5 14. cxd5 b5 15. O-O c4 16. h5 Qb6 17. hxg6 hxg6 {1-0 (41) Pogany,Z (2121)-Szabo,A (1946) Balatonlelle 2019}) 11. Nh2 {[%emt 0:02:07]} Be6 {[%emt 0:00:55]} 12. O-O-O {[%emt 0:01:10]} (12. h5 $11) 12... Nec6 {[%emt 0:04:41] [#]} 13. f4 {[#]} (13. h5 $142 $1 {[%mdl 512]}) 13... f5 $2 {[%emt 0:03:58]} ({Black should try} 13... Rb8 $1 $17 14. Nf3 Nb4) 14. Nf3 {[%emt 0:01:47]} fxe4 {[%emt 0:04:38]} 15. Nxe4 {[%emt 0:01:04]} Rb8 $2 {[%emt 0:14:47]} (15... Bg4 $11 {and Black is okay.} 16. Rdf1 exf4 17. Bxf4 Bxf3 18. Rxf3 Nxf3 19. Bxf3 Ne5) 16. Bxd4 {[%emt 0:04:22]} Nxd4 {[%emt 0:03:58]} 17. Nxd4 {[%emt 0:00:19]} cxd4 {[%emt 0:01:03] [#]} (17... exd4 $16 18. Rde1 Bg4) 18. Ng5 $1 {[%emt 0:00:17]} Bg4 {[%emt 0:01:49]} 19. Bd5+ {[%emt 0:06:52]} Kh8 {[%emt 0:00:06] [#]} 20. h5 $1 {[%emt 0:02:57]} gxh5 {[%emt 0:05:57]} 21. Nf7+ {[%emt 0:04:06]} (21. Rdf1 $16) 21... Rxf7 $1 {[%emt 0:00:12]} 22. Bxf7 {[%emt 0:00:02]} Bxd1 {[%emt 0:01:23]} (22... Qf6 $14 23. Bxh5 Bxd1 24. Bxd1 exf4) 23. Qxd1 {[%emt 0:00:09]} Qf6 {[%emt 0:00:49]} (23... h4 $16 {was called for.}) 24. Qxh5 {[%emt 0:00:09]} h6 {[%emt 0:03:33] [#]} 25. f5 $1 {[%emt 0:00:56]} Rf8 {[%emt 0:01:22] [#]} 26. Be6 $1 {[%emt 0:00:18]} e4 {[#]} 27. g4 $1 exd3 {[%emt 0:10:04] [#]} (27... Qe5 $142 28. g5 Qf4+ 29. Kd1 Qf3+ 30. Qxf3 exf3) 28. g5 $1 {[%emt 0:01:13]} Qe5 {[%emt 0:00:04]} 29. Qg6 {[%emt 0:00:40]} d2+ {[%emt 0:01:28]} 30. Kd1 {[%emt 0:00:14]} d3 {[%emt 0:08:23]} 31. Rxh6+ {[%emt 0:00:13]} Bxh6 {[%emt 0:00:11]} 32. Qxh6# {[%emt 0:00:04]} 1-0

[Event "POL-chT 2nd League Juniors 2020"]
[Site "Sypniewo"]
[Date "2020.10.30"]
[Round "9.3"]
[White "Zaborski, Igor"]
[Black "Nowak, Filip"]
[Result "0-1"]
[WhiteElo "1612"]
[BlackElo "1871"]
[Annotator "NA RC"]
[PlyCount "134"]
[EventDate "2020.10.23"]
[EventType "team-tourn"]
[EventCountry "POL"]
[SourceTitle "playchess.com"]
[Source "ChessBase"]
[SourceQuality "1"]
[TimeControl "5400+30"]

{[%evp 8,134,15,10,16,9,12,0,16,0,0,-14,-14,-16,-15,-6,-3,-9,0,-23,-12,-35,6,16,25,0,26,35,16,-6,0,-70,-73,-66,-54,-67,-47,-56,0,-10,-20,-76,-91,-107,-103,-87,-100,-87,-99,-104,-108,-118,-124,-89,-96,32767,32767,32767,32767,32767,32767,32767,32767,32767,-153,-183,-195,-212,-244,-227,-181,-291,-465,-363,-503,-383,-551,-535,-1800,32767,32767,32767,32767,-1688,32767,32767,32767,32767,32767,32767,32767,32767,0,0,0,0,0,0,0,0,0,0,0,0,0,0,0,0,0,0,0,0,0,0,0,-19,-34,-19,-47,-47,-8,-141,-134,-145,-109,-29970,-29977,-29974,-29979]} 1. d4 {[%emt 0:00:00]} d5 {[%emt 0:00:00]} 2. Nf3 {[%emt 0:00:00]} Nf6 {[%emt 0:00:00]} 3. e3 {[%emt 0:00:00]} c5 {[%emt 0:00:00]} 4. b3 {[%emt 0:00:19]} Nc6 {[%emt 0:00:02]} 5. Bb2 {[%emt 0:00:20]} Bg4 {[%emt 0:00:37]} 6. Be2 {[%emt 0:01:05]} e6 {[%emt 0:00:14]} 7. O-O {[%emt 0:00:20] The main line 7.0-0 scores better than 7.Nbd2.} cxd4 {[%emt 0:00:44] A06: Réti Opening: 1 Nf3 d5.} 8. exd4 {[%emt 0:01:07]} Be7 {[%emt 0:00:55]} 9. h3 {[%emt 0:00:54]} Bh5 {[%emt 0:00:33] [#]} 10. Ne5 $146 {[%emt 0:02:09]} ({Predecessor:} 10. Nbd2) 10... Bxe2 {[%emt 0:00:57]} 11. Qxe2 {[%emt 0:00:16]} O-O {[%emt 0:00:25]} 12. Nxc6 {[%emt 0:06:43]} bxc6 {[%emt 0:00:09]} 13. Nd2 {[%emt 0:00:18]} Nd7 {[%emt 0:05:03]} 14. f4 {[%emt 0:01:48]} c5 {[%emt 0:04:58]} 15. f5 {[%emt 0:01:55]} Qb6 {[%emt 0:02:41]} 16. Kh1 {[%emt 0:05:34]} Rae8 {[%emt 0:16:50]} 17. dxc5 {[%emt 0:11:50]} Bxc5 {[%emt 0:04:05]} 18. f6 {[%emt 0:12:51]} g6 $1 {[%emt 0:07:04]} 19. Nc4 {[%emt 0:03:23]} (19. Rad1 $11) 19... dxc4 {[%emt 0:10:07]} 20. Qd2 {[%emt 0:00:17] [#]} Nxf6 $1 {[%emt 0:01:56]} 21. Bxf6 {[%emt 0:00:40]} Be3 {[%emt 0:00:54]} 22. Qc3 {[%emt 0:01:13]} Rc8 {[%emt 0:00:50]} (22... cxb3 $15 23. axb3 Qc5) 23. Rae1 {[%emt 0:01:31]} Bh6 {[%emt 0:01:19]} 24. bxc4 {[%emt 0:01:13]} (24. b4 $1 $11 {remains equal.}) 24... Qc6 {[%emt 0:02:13]} 25. c5 {[%emt 0:02:54] [#]} Rfe8 $1 {[%emt 0:03:51]} 26. Bd4 {[%emt 0:05:55] [#]} Bf8 $1 {[%emt 0:02:06]} 27. Rb1 {[%emt 0:03:59]} Red8 {[%emt 0:02:45]} 28. Be3 {[%emt 0:06:20]} Bxc5 {[%emt 0:18:02]} 29. Bxc5 {[%emt 0:01:56]} Qxc5 {[%emt 0:00:08]} 30. Qxc5 {[%emt 0:00:27]} Rxc5 {[%emt 0:00:00]} 31. Rb7 {[%emt 0:00:20]} Rf5 {[%emt 0:02:59]} 32. Rxf5 {[%emt 0:02:45]} gxf5 {[%emt 0:00:01]} 33. Rxa7 {[%emt 0:01:12]} Rc8 {[%emt 0:00:09]} 34. a4 {[%emt 0:00:10]} Rxc2 {[%emt 0:00:07]} 35. a5 {[%emt 0:00:11]} Ra2 {[%emt 0:01:03]} 36. Kg1 {[%emt 0:00:38]} e5 {[%emt 0:02:00]} 37. a6 {[%emt 0:00:27] [#]} Kg7 $1 {[%emt 0:00:09]} 38. Ra8 {[%emt 0:01:01]} Kf6 {[%emt 0:05:03]} 39. a7 {[%emt 0:00:44]} (39. g3 $142) 39... f4 {[%emt 0:01:02]} 40. Kf1 {[%emt 0:00:19]} Kf5 {[%emt 0:00:51]} 41. Rh8 {[%emt 0:10:06]} Rxa7 {[%emt 0:00:37]} 42. Rxh7 {[%emt 0:00:07]} Ke4 {[%emt 0:00:48]} 43. h4 {[%emt 0:02:01]} Ke3 {[%emt 0:00:16]} 44. Kg1 {[%emt 0:00:15]} Ra1+ {[%emt 0:00:24]} 45. Kh2 {[%emt 0:00:19]} f5 {[%emt 0:00:01]} 46. Rf7 {[%emt 0:00:28]} Ke4 {[%emt 0:00:47]} 47. h5 {[%emt 0:00:15]} Ra6 {[%emt 0:01:55]} 48. Kh3 {[%emt 0:00:53]} Ra3+ {[%emt 0:02:29]} 49. Kh2 {[%emt 0:00:51] [#]} f3 $2 {[%emt 0:02:38]} (49... Rg3 $1 $19 50. h6 Rg5) 50. gxf3+ {[%emt 0:00:40]} Rxf3 {[%emt 0:00:03]} 51. h6 {[%emt 0:00:16]} Ra3 {[%emt 0:00:53]} 52. h7 {[%emt 0:00:09]} Ra8 {[%emt 0:00:10]} 53. Rg7 {[%emt 0:00:53]} Rh8 {[%emt 0:00:01]} 54. Kg2 {[%emt 0:00:28]} f4 {[%emt 0:00:37]} 55. Kf2 {[%emt 0:00:12]} Kf5 {[%emt 0:00:52]} 56. Kf3 {[%emt 0:01:33]} e4+ {[%emt 0:01:38]} 57. Ke2 {[%emt 0:00:36]} Kf6 {[%emt 0:00:32]} 58. Rc7 {[%emt 0:00:48]} Kg6 {[%emt 0:00:32]} 59. Re7 {[%emt 0:00:23]} Rxh7 {[%emt 0:00:47]} 60. Rxe4 {[%emt 0:00:09]} Kf5 {[%emt 0:00:20]} 61. Ra4 {[%emt 0:00:34]} Kg4 {[%emt 0:00:14]} 62. Kf2 {[%emt 0:00:58]} Rh3 {[%emt 0:00:36]} 63. Ra8 {[%emt 0:03:02]} Rh2+ {[%emt 0:00:30]} 64. Kf1 {[%emt 0:00:49]} (64. Kg1 $1 $11 {was the only way to keep the balance.} Re2 65. Kf1) 64... Kg3 {[%emt 0:00:46]} 65. Kg1 {[%emt 0:02:08]} Rb2 {[%emt 0:00:16]} 66. Kf1 $2 {[%emt 0:00:45]} (66. Rg8+ $17 Kf3 67. Rc8) 66... Rb1+ {[%emt 0:00:38]} 67. Ke2 {[%emt 0:00:05]} f3+ {[%emt 0:00:06]} 0-1

[Event "POL-chT 2nd League Juniors 2020"]
[Site "Sypniewo"]
[Date "2020.10.30"]
[Round "9.4"]
[White "Karaszewski, Gabriel"]
[Black "Malinowski, Szymon"]
[Result "1-0"]
[WhiteElo "1614"]
[BlackElo "1740"]
[Annotator "NA RC"]
[PlyCount "47"]
[EventDate "2020.10.23"]
[EventType "team-tourn"]
[EventCountry "POL"]
[SourceTitle "playchess.com"]
[Source "ChessBase"]
[SourceQuality "1"]
[TimeControl "5400+30"]

1. e4 {[%emt 0:00:00]} c6 {[%emt 0:00:00]} 2. d4 {[%emt 0:00:00]} d5 {[%emt 0:00:00]} 3. exd5 {[%emt 0:00:00]} cxd5 {[%emt 0:00:00]} 4. c4 {[%emt 0:00:00]} dxc4 {[%emt 0:00:06]} 5. Bxc4 {[%emt 0:00:00]} Nf6 {[%emt 0:00:12]} 6. Nc3 {[%emt 0:00:00]} e6 {[%emt 0:00:17]} 7. Nf3 {[%emt 0:00:00]} a6 {[%emt 0:00:16]} 8. O-O {[%emt 0:00:00]} Bd6 {[%emt 0:00:08]} 9. Bg5 {[%emt 0:00:21]} Nbd7 {[%emt 0:00:27]} 10. Re1 {[%emt 0:00:25]} Qc7 {[%emt 0:02:01]} 11. Bb3 {[%emt 0:00:22]} O-O {[%emt 0:00:09]} 12. Rc1 {[%emt 0:00:17]} Qa5 {[%emt 0:01:38]} 13. d5 {[%emt 0:00:42]} e5 {[%emt 0:01:14]} 14. Bxf6 {[%emt 0:00:19]} gxf6 {[%emt 0:00:53]} 15. Nd2 {[%emt 0:00:46]} Nc5 {[%emt 0:02:51]} 16. Nc4 {[%emt 0:03:38]} Qd8 {[%emt 0:00:08]} 17. Bc2 {[%emt 0:04:18]} b5 {[%emt 0:23:01]} 18. Qh5 {[%emt 0:00:27]} f5 {[%emt 0:00:07]} 19. Nxe5 {[%emt 0:01:19]} Bxe5 {[%emt 0:01:40]} 20. Rxe5 {[%emt 0:00:07]} f6 {[%emt 0:02:34]} 21. Bxf5 {[%emt 0:02:36]} Ra7 {[%emt 0:00:22]} 22. Re3 {[%emt 0:00:45]} Qd6 {[%emt 0:05:07]} 23. Bxc8 {[%emt 0:02:38]} Rxc8 {[%emt 0:00:35]} 24. Qg4+ {[%emt 0:00:08]} 1-0

[Event "POL-chT 2nd League Juniors 2020"]
[Site "Sypniewo"]
[Date "2020.10.30"]
[Round "9.4"]
[White "Zimny, Jakub"]
[Black "Rozek, Michal"]
[Result "0-1"]
[WhiteElo "1569"]
[BlackElo "1442"]
[Annotator "NA RC"]
[PlyCount "78"]
[EventDate "2020.10.23"]
[EventType "team-tourn"]
[EventCountry "POL"]
[SourceTitle "playchess.com"]
[Source "ChessBase"]
[SourceQuality "1"]
[TimeControl "5400+30"]

1. e4 {[%emt 0:00:00]} e5 {[%emt 0:00:00]} 2. Nf3 {[%emt 0:00:00]} Nc6 {[%emt 0:00:00]} 3. d4 {[%emt 0:00:00]} exd4 {[%emt 0:00:00]} 4. Nxd4 {[%emt 0:00:00]} Nf6 {[%emt 0:00:09]} 5. Nxc6 {[%emt 0:00:00]} bxc6 {[%emt 0:00:15]} 6. e5 {[%emt 0:00:03]} Qe7 {[%emt 0:00:21]} 7. Qe2 {[%emt 0:00:06]} Nd5 {[%emt 0:00:34]} 8. c4 {[%emt 0:00:04]} Ba6 {[%emt 0:00:57]} 9. g3 {[%emt 0:00:13]} g6 {[%emt 0:09:19]} 10. b3 {[%emt 0:00:08]} Bg7 {[%emt 0:01:19]} 11. Bb2 {[%emt 0:00:06]} O-O {[%emt 0:01:51]} 12. Bg2 {[%emt 0:00:05]} Rfe8 {[%emt 0:02:17]} 13. O-O {[%emt 0:00:07]} Bxe5 {[%emt 0:17:54]} 14. Bxe5 {[%emt 0:00:11]} Qxe5 {[%emt 0:00:04]} 15. Qxe5 {[%emt 0:00:07]} Rxe5 {[%emt 0:00:04]} 16. cxd5 {[%emt 0:00:08]} Bxf1 {[%emt 0:00:05]} 17. Kxf1 {[%emt 0:00:07]} cxd5 {[%emt 0:00:37]} 18. Nc3 {[%emt 0:00:04]} c6 {[%emt 0:01:18]} 19. Rc1 {[%emt 0:01:45]} Rae8 {[%emt 0:02:52]} 20. f4 {[%emt 0:01:18]} Re3 {[%emt 0:04:49]} 21. Bxd5 {[%emt 0:08:05]} cxd5 {[%emt 0:05:26]} 22. Nxd5 {[%emt 0:00:13]} R3e6 {[%emt 0:01:25]} 23. Rc7 {[%emt 0:10:02]} Re1+ {[%emt 0:02:56]} 24. Kf2 {[%emt 0:02:03]} R8e2+ {[%emt 0:02:11]} 25. Kf3 {[%emt 0:00:08]} Rxa2 {[%emt 0:04:22]} 26. Rxd7 {[%emt 0:00:10]} Re6 {[%emt 0:06:53]} 27. h4 {[%emt 0:01:36]} a5 {[%emt 0:03:57]} 28. Ra7 {[%emt 0:01:30]} Ra3 {[%emt 0:01:08]} 29. Kg4 {[%emt 0:00:39]} Kg7 {[%emt 0:02:45]} 30. Nc7 {[%emt 0:03:54]} Re7 {[%emt 0:02:38]} 31. Nb5 {[%emt 0:00:10]} Rxa7 {[%emt 0:00:09]} 32. Nxa3 {[%emt 0:00:11]} Rb7 {[%emt 0:00:10]} 33. Nc4 {[%emt 0:00:09]} Rb5 {[%emt 0:00:28]} 34. Kh3 {[%emt 0:01:25]} Rc5 {[%emt 0:00:36]} 35. Nd6 {[%emt 0:01:05]} Kf8 {[%emt 0:07:20]} 36. Ne4 {[%emt 0:00:30]} Rc6 {[%emt 0:02:17]} 37. Nd2 {[%emt 0:01:22]} Rc3 {[%emt 0:01:30]} 38. Kg4 {[%emt 0:00:25]} h5+ {[%emt 0:00:37]} 39. Kh3 {[%emt 0:00:15]} f5 {[%emt 0:00:42]} 0-1

[Event "POL-chT 2nd League Juniors 2020"]
[Site "Sypniewo"]
[Date "2020.10.30"]
[Round "9.5"]
[White "Hertlein, Irena"]
[Black "Jedrzejko, Martyna"]
[Result "1/2-1/2"]
[WhiteElo "1893"]
[BlackElo "1618"]
[Annotator "NA RC"]
[PlyCount "71"]
[EventDate "2020.10.23"]
[EventType "team-tourn"]
[EventCountry "POL"]
[SourceTitle "playchess.com"]
[Source "ChessBase"]
[SourceQuality "1"]
[TimeControl "5400+30"]

{[%evp 8,71,24,26,29,2,45,42,44,43,45,53,39,44,46,52,45,54,39,31,30,16,43,46,41,19,18,16,9,10,53,19,59,8,56,0,48,0,0,0,0,-35,-33,-34,-39,-82,-78,-78,0,0,0,0,0,0,0,0,0,0,0,0,0,0,0,0,0,0]} 1. d4 {[%emt 0:00:00]} d5 {[%emt 0:00:00]} 2. Nf3 {[%emt 0:00:00]} Nf6 {[%emt 0:00:12]} 3. c4 {[%emt 0:00:24]} c6 {[%emt 0:00:10]} 4. Qc2 {[%emt 0:00:29]} e6 {[%emt 0:03:24]} 5. g3 {[%emt 0:00:16]} Bb4+ {[%emt 0:04:10]} 6. Bd2 {[%emt 0:01:09]} Bxd2+ {[%emt 0:00:29] D30: Queen's Gambit Declined: Systems without Nc3.} 7. Nbxd2 {[%emt 0:00:09]} O-O {[%emt 0:01:03]} 8. Bg2 {[%emt 0:00:18]} Nbd7 {[%emt 0:00:50]} 9. O-O {[%emt 0:00:36]} b6 {[%emt 0:05:12]} 10. e4 {[%emt 0:13:51]} dxe4 {[%emt 0:04:36]} 11. Nxe4 {[%emt 0:05:09]} Nxe4 {[%emt 0:00:36]} 12. Qxe4 {[%emt 0:00:08]} Bb7 {[%emt 0:02:07]} 13. Ne5 {[%emt 0:04:07]} Nxe5 {[%emt 0:01:28]} 14. dxe5 {[%emt 0:00:50]} Qe7 {[%emt 0:01:22]} 15. Rfd1 {[%emt 0:04:28] [#]} Rfd8 $146 {[%emt 0:01:28]} ({Predecessor:} 15... Rad8 16. Bf3 h6 17. a3 Ba8 18. Qe3 Bb7 19. b4 Kh8 20. c5 bxc5 21. bxc5 Rxd1+ 22. Rxd1 {1-0 (34) Koo,W (1826)-Abdul Rahman,S (1615) Shah Alam 2016}) 16. Qf4 {[%emt 0:06:40]} c5 {[%emt 0:06:59]} 17. Rd6 {[%emt 0:01:56]} Bxg2 {[%emt 0:01:34]} 18. Kxg2 {[%emt 0:00:13]} Rxd6 {[%emt 0:09:01]} 19. exd6 {[%emt 0:00:01]} Qd7 {[%emt 0:00:18]} 20. Rd1 {[%emt 0:06:20]} Rd8 {[%emt 0:00:53]} 21. a3 {[%emt 0:03:07]} h6 {[%emt 0:03:46]} 22. b4 {[%emt 0:02:22]} Qc6+ {[%emt 0:02:29]} 23. Kg1 {[%emt 0:01:37]} Qa4 {[%emt 0:00:46]} 24. Qd2 {[%emt 0:21:16]} Qxa3 {[%emt 0:07:28]} 25. b5 {[%emt 0:00:32]} a6 {[%emt 0:05:13]} 26. d7 {[%emt 0:06:42]} axb5 {[%emt 0:00:32]} 27. Qd6 {[%emt 0:00:21]} Qa7 {[%emt 0:01:26]} (27... bxc4 $17 28. Qxb6 Qa8) 28. cxb5 {[%emt 0:00:48]} Qa4 {[%emt 0:12:01]} 29. h4 {[%emt 0:05:12]} Kh7 {[%emt 0:14:00]} 30. Kh2 {[%emt 0:09:42]} c4 {[%emt 0:07:52]} 31. Qxb6 {[%emt 0:02:38]} Qxd1 {[%emt 0:00:08]} 32. Qxd8 {[%emt 0:00:04]} Qd2 {[%emt 0:03:14]} 33. Kg2 {[%emt 0:02:35]} Qd5+ {[%emt 0:00:20]} 34. Kh2 {[%emt 0:01:28]} Qd2 {[%emt 0:00:05]} 35. Kg2 {[%emt 0:00:27]} Qd5+ {[%emt 0:00:08]} 36. Kh2 $11 {[%emt 0:00:51]} 1/2-1/2

[Event "POL-chT 2nd League Juniors 2020"]
[Site "Sypniewo"]
[Date "2020.10.30"]
[Round "9.5"]
[White "Filipska, Maja"]
[Black "Lascar, Maria Elena"]
[Result "1-0"]
[WhiteElo "1849"]
[BlackElo "1552"]
[Annotator "NA RC"]
[PlyCount "59"]
[EventDate "2020.10.23"]
[EventType "team-tourn"]
[EventCountry "POL"]
[SourceTitle "playchess.com"]
[Source "ChessBase"]
[SourceQuality "1"]
[TimeControl "5400+30"]

{[%evp 9,59,12,61,64,91,35,36,48,48,46,50,8,37,22,31,17,58,27,67,67,71,62,66,41,37,39,109,111,110,110,121,114,115,113,110,108,118,105,121,116,111,105,133,59,65,71,122,91,122,123,695,763]} 1. e4 {[%emt 0:00:00]} c5 {[%emt 0:00:00]} 2. Nf3 {[%emt 0:00:00]} e6 {[%emt 0:00:00]} 3. d4 {[%emt 0:00:00]} cxd4 {[%emt 0:00:02]} 4. Nxd4 {[%emt 0:00:00]} Nf6 {[%emt 0:00:10]} 5. Nc3 {[%emt 0:00:09]} Qb6 {[%emt 0:00:22]} 6. e5 {[%emt 0:03:00]} Bc5 {[%emt 0:01:53]} 7. Be3 {[%emt 0:08:07]} ({Much worse is} 7. exf6 $6 Bxd4 8. fxg7 Bxf2+ 9. Ke2 Rg8 $11) (7. Ndb5 $16 Nd5 8. Ne4 (8. Nxd5 exd5 9. Qxd5 Bxf2+ 10. Kd1 O-O $14)) 7... Nd5 $1 {[%emt 0:07:06] B40: Sicilian: 2...e6, Unusual lines.} 8. Nxd5 $1 {[%emt 0:00:46]} exd5 {[%emt 0:00:07]} 9. c3 {[%emt 0:07:52]} Nc6 {[%emt 0:11:48]} 10. Be2 {[%emt 0:06:34]} Nxd4 {[%emt 0:03:55] [#]} 11. cxd4 $146 {[%emt 0:07:15]} ({Predecessor:} 11. Bxd4 Bxd4 12. cxd4 d6 13. O-O O-O 14. b3 dxe5 15. dxe5 Rd8 16. Qd2 Bf5 17. Rad1 {0-1 (48) Van't Hof,G-Myatt,J LSS email 2007}) 11... Bb4+ {[%emt 0:00:16]} 12. Kf1 {[%emt 0:00:01]} O-O {[%emt 0:01:42]} 13. Qb3 {[%emt 0:00:37]} Ba5 {[%emt 0:16:25]} 14. Bf3 {[%emt 0:12:23]} Qa6+ {[%emt 0:01:31]} 15. Kg1 {[%emt 0:00:09]} d6 {[%emt 0:02:19]} 16. exd6 {[%emt 0:04:32]} Qxd6 {[%emt 0:00:26]} 17. Qxd5 {[%emt 0:00:45]} Bc7 {[%emt 0:02:45]} ({Black should play} 17... Qxd5 $14 18. Bxd5 Rd8) 18. Qxd6 {[%emt 0:00:47]} Bxd6 {[%emt 0:00:10]} 19. g3 {[%emt 0:02:05]} Rb8 {[%emt 0:03:35]} 20. Kg2 {[%emt 0:00:30]} Bd7 {[%emt 0:01:50]} 21. Rac1 {[%emt 0:01:33]} h6 {[%emt 0:02:56]} 22. Rc3 {[%emt 0:01:48]} g5 {[%emt 0:04:12]} 23. h4 {[%emt 0:08:20]} g4 {[%emt 0:00:18]} 24. Bd5 {[%emt 0:00:25]} Kg7 {[%emt 0:00:33]} 25. Rhc1 {[%emt 0:02:28]} b6 {[%emt 0:02:39]} 26. Bf4 {[%emt 0:06:14]} (26. Bc6 $16 Bf5 27. a3) 26... Bxf4 {[%emt 0:00:52]} 27. gxf4 {[%emt 0:00:01]} Rbc8 {[%emt 0:00:33]} 28. Rc7 {[%emt 0:01:01]} Rfd8 {[%emt 0:01:36] [#]} 29. Bb3 $1 {[%emt 0:12:01]} Kf6 $2 {[%emt 0:01:35] [#]} (29... Rxc7 $16 30. Rxc7 a5) 30. Rxd7 $18 {[%emt 0:00:29]} 1-0